[Event "Championnat du Gard poule 3"]
[Site "?"]
[Date "2012.05.17"]
[Round "?"]
[White "Dlimi, Adil"]
[Black "Dehaine, Guy"]
[Result "1-0"]
[WhiteElo "1680"]
[BlackElo "1648"]
[PlyCount "66"]
[EventDate "2012.05.19"]
[SourceDate "2012.05.19"]

1. e4 d5 2. exd5 Qxd5 3. d4 Nf6 4. c4 Qd8 5. Nc3 c6 6. Nf3 Bg4 7. Be2 e6 8. Bf4
Nbd7 9. O-O Bf5 10. d5 Qb6 11. dxe6 Bxe6 12. Nd4 Qxb2 13. Na4 Qa3 14. Nxe6 fxe6
15. Re1 Bb4 16. Bh5+ Ke7 17. Re3 Bc3 18. Rxc3 Qb4 19. Rb1 Qa5 20. Bd6+ Kd8 21.
Bf7 b5 22. Bb4 Qxa4 23. Qd6 a5 24. Ra3 Qc2 25. Rd1 a4 26. cxb5 cxb5 27. Rc3
Qxf2+ 28. Kxf2 Ne4+ 29. Kg1 Nxd6 30. Bxd6 Rc8 31. Rxc8+ Kxc8 32. Bxe6 Rd8 33.
Be7 Re8 1-0

[Event "Championnat du Gard poule 3"]
[Site "?"]
[Date "2012.05.17"]
[Round "?"]
[White "Colleo , Guy"]
[Black "Flouret, Jean-Frédéric"]
[Result "1-0"]
[WhiteElo "1687"]
[BlackElo "1578"]
[PlyCount "79"]
[EventDate "2012.05.17"]
[SourceDate "2012.05.19"]

1. e4 c5 2. Nf3 Nc6 3. d4 cxd4 4. Nxd4 d6 5. c4 e5 6. Nxc6 bxc6 7. Nc3 Nf6 8.
Be2 Be7 9. O-O O-O 10. f4 exf4 11. Rxf4 Ne8 12. Rf1 Qc7 13. b3 Be6 14. Be3 Rd8
15. Rc1 g6 16. Kh1 Ng7 17. Qd4 c5 18. Qd2 f5 19. Bg5 Rf7 20. exf5 Nxf5 21. Bg4
Rdf8 22. Bxf5 Rxf5 23. Rxf5 Rxf5 24. Bxe7 Qxe7 25. h3 Qf8 26. Qe1 Re5 27. Qg3
Qe7 28. Re1 Bf7 29. Rxe5 Qxe5 30. Qxe5 dxe5 31. Ne4 h5 32. Nxc5 Be8 33. Kg1 Kf7
34. Kf2 Bc6 35. g3 Ke7 36. Ke3 a5 37. Ne4 Ke6 38. g4 h4 39. a3 Bb7 40. Nc5+ 1-0

[Event "Championnat du Gard poule 3"]
[Site "?"]
[Date "2012.05.17"]
[Round "?"]
[White "Perraut , Arnaud"]
[Black "Scanzi, Corentin"]
[Result "1/2-1/2"]
[WhiteElo "1646"]
[BlackElo "1644"]
[PlyCount "43"]
[EventDate "2012.05.17"]
[SourceDate "2012.05.19"]

1. f4 d5 2. Nf3 Nf6 3. e3 c6 4. b3 Bf5 5. Bb2 Nbd7 6. d3 e6 7. Nbd2 Bc5 8. Qe2
Qb6 9. d4 Bd6 10. c4 dxc4 11. Nxc4 Bb4+ 12. Nfd2 Qc7 13. a3 Bxd2+ 14. Nxd2 Nb6
15. h3 Ne4 16. g4 Nxd2 17. Qxd2 Be4 18. Bg2 Bxg2 19. Qxg2 Nd5 20. Qe4 O-O-O 21.
Ke2 Qb6 22. Qd3 1/2-1/2

[Event "Championnat du Gard poule 3"]
[Site "?"]
[Date "2012.05.17"]
[Round "2"]
[White "Nicolas, Gabrielle"]
[Black "Vedel, Wilhem"]
[Result "1-0"]
[WhiteElo "1614"]
[BlackElo "1740"]
[PlyCount "73"]
[EventDate "2012.05.17"]
[SourceDate "2012.05.19"]

1. d4 d5 2. c4 dxc4 3. Nc3 Nf6 4. e3 Bf5 5. Bxc4 e6 6. Nf3 Be7 7. O-O c6 8. Re1
Nbd7 9. e4 Bg6 10. a3 Nb6 11. Bd3 Bh5 12. Be3 O-O 13. Rc1 Rc8 14. b4 Qd7 15.
Be2 Bxf3 16. Bxf3 Nc4 17. Ra1 Rfd8 18. Qd3 Nxe3 19. fxe3 c5 20. bxc5 Bxc5 21.
e5 Ne8 22. Red1 Qc7 23. Rac1 Qxe5 24. Nb5 a6 25. Bxb7 axb5 26. Bxc8 Qc7 27.
Qxb5 Rxc8 28. Qxc5 Qxc5 29. Rxc5 Rxc5 30. dxc5 Nc7 31. h4 Kf8 32. Kf2 Ke7 33.
e4 e5 34. Ke3 Ne6 35. Rd5 f6 36. c6 Nc7 37. Rd7+ 1-0

[Event "Championnat du Gard poule 3"]
[Site "?"]
[Date "2012.05.17"]
[Round "2"]
[White "Dehaine, Guy"]
[Black "Nicolas, Gabrielle"]
[Result "0-1"]
[WhiteElo "1648"]
[BlackElo "1614"]
[PlyCount "62"]
[EventDate "2012.05.17"]
[SourceDate "2012.05.19"]

1. c4 e5 2. Nc3 Nf6 3. g3 Bb4 4. Qc2 O-O 5. Nf3 Re8 6. Bg2 c6 7. O-O d5 8. d3
h6 9. e3 Bf5 10. e4 dxe4 11. dxe4 Bg6 12. Nh4 Bh7 13. Bd2 Nbd7 14. Rad1 Qc7 15.
f4 Qb6+ 16. Kh1 Ng4 17. Bc1 Nc5 18. f5 Rad8 19. Qe2 Nf6 20. Qf3 Bxc3 21. Rxd8
Rxd8 22. Qxc3 Ncxe4 23. Bxe4 Nxe4 24. Qf3 Nd2 25. Bxd2 Rxd2 26. Qc3 Qxb2 27.
Qa5 Bxf5 28. Qxa7 Be4+ 29. Kg1 Rg2+ 30. Kh1 Rxh2+ 31. Kg1 Rh1# 0-1

[Event "Championnat du Gard poule 3"]
[Site "?"]
[Date "2012.05.17"]
[Round "?"]
[White "Perraut, Arnaud"]
[Black "Colleo, Guy"]
[Result "0-1"]
[WhiteElo "1646"]
[BlackElo "1687"]
[PlyCount "130"]
[EventDate "2012.05.17"]
[SourceDate "2012.05.19"]

1. f4 Nf6 2. Nf3 g6 3. e3 Bg7 4. Be2 O-O 5. O-O Nc6 6. c3 d6 7. d4 Bg4 8. Nbd2
Nd5 9. Nc4 e6 10. e4 Bxf3 11. Rxf3 Nf6 12. e5 Nd5 13. Qe1 b5 14. Ne3 Nxe3 15.
Bxe3 a6 16. Rh3 d5 17. g4 h6 18. g5 h5 19. Qh4 Ne7 20. Bd2 Nf5 21. Qf2 Re8 22.
Bf3 c6 23. Qe2 Kf8 24. Kh1 Ke7 25. b3 Rh8 26. Qf2 Qb6 27. Be2 Kd7 28. Bd3 Bf8
29. Bxf5 exf5 30. Qe2 Re8 31. Re1 Ke6 32. Qd3 Qd8 33. c4 dxc4 34. bxc4 bxc4 35.
Qxc4+ Qd5+ 36. Qxd5+ Kxd5 37. Rc1 Rb8 38. a3 Be7 39. a4 Rb2 40. Be1 Rhb8 41. a5
Rb1 42. Rhc3 Rxc1 43. Rxc1 Kxd4 44. Bf2+ Kd5 45. Bb6 Rb7 46. Rd1+ Ke6 47. Rc1
c5 48. Bxc5 Rc7 49. Be3 Rxc1+ 50. Bxc1 Bb4 51. Kg2 Bxa5 52. Kf3 Kd5 53. Bb2 Bb4
54. h3 a5 55. Ke3 a4 56. Kd3 a3 57. Bd4 a2 58. Bb2 Be1 59. Ba1 Bg3 60. Ke3 Kc4
61. Kf3 Be1 62. e6 fxe6 63. Kg2 Bc3 64. Kg3 Bxa1 65. Kh4 Bd4 0-1

[Event "Championnat du Gard poule 3"]
[Site "?"]
[Date "2012.05.17"]
[Round "2"]
[White "Scanzi, Corentin"]
[Black "Vedel, Wilhem"]
[Result "1/2-1/2"]
[WhiteElo "1644"]
[BlackElo "1740"]
[PlyCount "22"]
[EventDate "2012.05.17"]
[SourceDate "2012.05.19"]

1. d4 d5 2. c4 dxc4 3. e4 Nf6 4. Nc3 e5 5. Nf3 exd4 6. Qxd4 Qxd4 7. Nxd4 Bc5 8.
Be3 Ng4 9. Bxc4 Nxe3 10. fxe3 Bg4 11. O-O O-O 1/2-1/2

[Event "Championnat du Gard poule 3"]
[Site "?"]
[Date "2012.05.17"]
[Round "2"]
[White "Flouret, Jean-François"]
[Black "Dlimi, Adil"]
[Result "0-1"]
[WhiteElo "1578"]
[BlackElo "1680"]
[PlyCount "28"]
[EventDate "2012.05.17"]
[SourceDate "2012.05.19"]

1. e4 e6 2. Nf3 d5 3. e5 c5 4. d4 cxd4 5. Nxd4 Ne7 6. Bd3 Nbc6 7. c3 Nxe5 8.
Bb5+ Bd7 9. Nxe6 fxe6 10. Bxd7+ Qxd7 11. Qh5+ N7g6 12. O-O Bd6 13. f4 O-O 14.
fxe5 Bc5+ 0-1

[Event "Championnat du Gard poule 3"]
[Site "?"]
[Date "2012.05.18"]
[Round "3"]
[White "Dlimi, Adil"]
[Black "Perraut, Arnaud"]
[Result "1-0"]
[WhiteElo "1680"]
[BlackElo "1646"]
[PlyCount "61"]
[EventDate "2012.05.17"]
[SourceDate "2012.05.19"]

1. d4 e5 2. dxe5 Qe7 3. Nf3 Nc6 4. Nc3 b6 5. Nd5 Qd8 6. e4 f6 7. exf6 Nxf6 8.
e5 Ng4 9. Bg5 Be7 10. Bxe7 Nxe7 11. Bc4 c6 12. Nf4 Qc7 13. Qd4 Nf5 14. Qe4 g6
15. Rd1 Bb7 16. e6 O-O-O 17. exd7+ Rxd7 18. Rxd7 Kxd7 19. O-O Kc8 20. Ne6 Qd6
21. Qxg4 c5 22. Nfg5 Nh6 23. Qh3 Qc6 24. Nxc5+ Kb8 25. Nxb7 Qxb7 26. Qxh6 Rc8
27. Bd3 Qe7 28. Qh4 Rc5 29. Qf4+ Kb7 30. Qe4+ Qxe4 31. Bxe4+ 1-0

[Event "Championnat du Gard poule 3"]
[Site "?"]
[Date "2012.05.18"]
[Round "3"]
[White "Vedel, Wilhem"]
[Black "Dehaine, Guy"]
[Result "1-0"]
[WhiteElo "1740"]
[BlackElo "1648"]
[PlyCount "55"]
[EventDate "2012.05.17"]
[SourceDate "2012.05.19"]

1. e4 d5 2. exd5 Qxd5 3. Nc3 Qa5 4. d4 Nf6 5. Nf3 Bg4 6. Be2 Nc6 7. O-O O-O-O
8. Ng5 Rxd4 9. Bxg4+ Nxg4 10. Qf3 Nge5 11. Qg3 e6 12. Bf4 Bd6 13. Nge4 Bf8 14.
a3 f6 15. b4 Qb6 16. Be3 h5 17. b5 f5 18. bxc6 Nxc6 19. Bxd4 Qxd4 20. Ng5 Qf6
21. Qe3 Ne5 22. Rfe1 Bd6 23. Nf3 f4 24. Qe4 Nxf3+ 25. Qxf3 g5 26. Ne4 Qf5 27.
Nxd6+ cxd6 28. Qc3+ 1-0

[Event "Championnat du Gard poule 3"]
[Site "?"]
[Date "2012.05.18"]
[Round "3"]
[White "Colléo, Yves"]
[Black "Scanzi, Corentin"]
[Result "1/2-1/2"]
[WhiteElo "1687"]
[BlackElo "1644"]
[PlyCount "108"]
[EventDate "2012.05.17"]
[SourceDate "2012.05.19"]

1. e4 e5 2. Nf3 Nc6 3. Bb5 d6 4. d4 Bd7 5. d5 Nce7 6. Bxd7+ Qxd7 7. Nc3 Ng6 8.
Qd3 Be7 9. g3 Nf6 10. Bd2 O-O 11. O-O-O c6 12. h4 Qg4 13. Nh2 Qd7 14. f4 exf4
15. Bxf4 Nxf4 16. gxf4 Nh5 17. Qf3 g6 18. Rdg1 Kh8 19. Ng4 Bf6 20. Nxf6 Nxf6
21. Rd1 Rad8 22. Qd3 Rfe8 23. Qd4 Qe7 24. Rhe1 c5 25. Qd3 Nh5 26. f5 Qe5 27.
Qf3 Qf4+ 28. Qxf4 Nxf4 29. Rf1 Ng2 30. Rh1 gxf5 31. exf5 Ne3 32. Rde1 Nxf5 33.
Rhf1 Rxe1+ 34. Rxe1 Kg7 35. Re4 Kf8 36. Rf4 Nd4 37. Kd2 Re8 38. Ne4 Re5 39. c4
Ke7 40. Ng5 Rf5 41. Re4+ Re5 42. Ke3 Nf5+ 43. Kf4 Rxe4+ 44. Kxe4 Nxh4 45. Nxh7
f6 46. Kf4 Kf7 47. Kg4 Kg7 48. Nxf6 Kxf6 49. Kxh4 Kf5 50. Kh5 a6 51. a4 b6 52.
Kh6 Kf6 53. Kh5 Kf5 54. Kh6 Kf6 1/2-1/2

[Event "Championnat du Gard poule 3"]
[Site "?"]
[Date "2012.05.18"]
[Round "3"]
[White "Nicolas, Gabrielle"]
[Black "Flouret, Jean-Frédéric"]
[Result "1-0"]
[WhiteElo "1614"]
[BlackElo "1578"]
[PlyCount "80"]
[EventDate "2012.05.17"]
[SourceDate "2012.05.19"]

1. d4 Nf6 2. c4 d5 3. Nc3 c6 4. e3 g6 5. Nf3 Bg7 6. cxd5 cxd5 7. Bb5+ Bd7 8.
Bxd7+ Nbxd7 9. O-O O-O 10. Bd2 Re8 11. Qb3 Nb6 12. Rac1 Rb8 13. Rfd1 e6 14. Be1
Nfd7 15. Nd2 Qe7 16. Rc2 Rbc8 17. Rdc1 Nb8 18. Na4 Rxc2 19. Rxc2 Nxa4 20. Qxa4
Nc6 21. Nb3 e5 22. Bc3 exd4 23. Nxd4 Qe4 24. Rd2 Bh6 25. Re2 Qg4 26. Qc2 Rc8
27. Nf3 Bf8 28. h3 Qd7 29. Qd2 Bc5 30. Re1 Re8 31. Rd1 Rd8 32. b4 Bd6 33. Kh1
Ne7 34. Qd4 Kf8 35. Qg7+ Ke8 36. Qh8+ Ng8 37. Qxg8+ Bf8 38. Bg7 Qe7 39. Qxf8+
Qxf8 40. Bxf8 Kxf8 1-0

[Event "Championnat du Gard poule 3"]
[Site "?"]
[Date "2012.05.18"]
[Round "4"]
[White "Perraut, Arnaud"]
[Black "Nicolas , Gabrielle"]
[Result "0-1"]
[WhiteElo "1646"]
[BlackElo "1614"]
[PlyCount "58"]
[EventDate "2012.05.17"]
[SourceDate "2012.05.19"]

1. f4 d5 2. Nf3 Nf6 3. e3 c5 4. b3 e6 5. Bb2 Be7 6. Nc3 O-O 7. Bd3 Nbd7 8. O-O
Re8 9. Qe1 Nf8 10. Ne2 a6 11. Qg3 b5 12. c4 Rb8 13. cxb5 axb5 14. Bc2 Ba6 15.
Qh3 b4 16. Rfe1 Bc8 17. g4 Ng6 18. Ng3 d4 19. Bxg6 hxg6 20. exd4 Nd5 21. Ng5
Bxg5 22. fxg5 cxd4 23. Re5 Ba6 24. Nf1 Nf4 25. Qf3 Nd3 26. Bxd4 Qxd4+ 27. Qe3
Qxe5 28. Qxe5 Nxe5 29. Ne3 Nf3+ 0-1

[Event "Championnat du Gard poule 3"]
[Site "?"]
[Date "2012.05.18"]
[Round "4"]
[White "Flouret, Jean-Frédéric"]
[Black "Vedel , Wilhem"]
[Result "0-1"]
[WhiteElo "1578"]
[BlackElo "1740"]
[PlyCount "54"]
[EventDate "2012.05.17"]
[SourceDate "2012.05.19"]

1. e4 c5 2. Nc3 Nc6 3. Bb5 Nf6 4. Bxc6 bxc6 5. e5 Nd5 6. Nxd5 cxd5 7. f4 d6 8.
Nf3 e6 9. O-O Be7 10. d4 cxd4 11. Qxd4 O-O 12. b3 Qc7 13. Bb2 dxe5 14. Qxe5
Qxe5 15. Bxe5 Ba6 16. Rfe1 Rac8 17. c3 Rfd8 18. Kh1 Bd6 19. Rac1 Ba3 20. Rcd1
Bd6 21. Re3 Bxe5 22. Nxe5 d4 23. cxd4 Rxd4 24. Rde1 Rxf4 25. g3 Rf2 26. Kg1
Rcc2 27. Rd1 Rg2+ 0-1

[Event "Championnat du Gard poule 3"]
[Site "?"]
[Date "2012.05.18"]
[Round "4"]
[White "Colléo, Guy"]
[Black "Dlimi, Adil"]
[Result "1-0"]
[WhiteElo "1689"]
[BlackElo "1680"]
[PlyCount "61"]
[EventDate "2012.05.17"]
[SourceDate "2012.05.19"]

1. e4 c5 2. c4 Nc6 3. Ne2 e5 4. Nbc3 d6 5. d3 Bg4 6. f3 Bd7 7. Be3 Be7 8. Nd5
Bh4+ 9. g3 Be7 10. Bg2 Nf6 11. O-O Nxd5 12. cxd5 Nd4 13. Nxd4 cxd4 14. Bd2 O-O
15. f4 f5 16. fxe5 dxe5 17. Qb3 Qb6 18. Qxb6 axb6 19. Rfc1 Bd6 20. a3 Bb5 21.
Bf1 fxe4 22. dxe4 Bxf1 23. Rxf1 Ra4 24. Rac1 Rxf1+ 25. Kxf1 d3 26. Re1 Rc4 27.
Re3 Kf7 28. Kg2 Rc2 29. Rxd3 Rxb2 30. Kf3 Bxa3 31. Bc1 1-0

[Event "Championnat du Gard poule 3"]
[Site "?"]
[Date "2012.05.18"]
[Round "4"]
[White "Scanzi, Corentin"]
[Black "Dehaine, Guy"]
[Result "1-0"]
[WhiteElo "1644"]
[BlackElo "1648"]
[PlyCount "107"]
[EventDate "2012.05.17"]
[SourceDate "2012.05.19"]

1. d4 d5 2. c4 c6 3. Nc3 Nf6 4. Nf3 Bf5 5. Qb3 Qb6 6. Qxb6 axb6 7. cxd5 cxd5 8.
Nb5 Na6 9. Bf4 Rc8 10. Rc1 Rxc1+ 11. Bxc1 e6 12. a3 Be7 13. e3 O-O 14. Be2 Rc8
15. Nc3 Ne4 16. Bd2 Nxd2 17. Nxd2 Nb8 18. O-O Nd7 19. Bb5 Nf6 20. f3 h5 21. Re1
Bxa3 22. Nxd5 exd5 23. bxa3 Rc3 24. a4 Rc2 25. Nf1 Ra2 26. Ng3 Bc2 27. Re2 Ra1+
28. Kf2 Bxa4 29. Bxa4 Rxa4 30. Rb2 Ra6 31. Rb5 g6 32. Ne2 g5 33. Nc3 Kg7 34.
Nxd5 Ra5 35. Nc3 Ra6 36. Rxg5+ Kh6 37. Rb5 Kg6 38. e4 Nd7 39. Nd5 h4 40. Nf4+
Kf6 41. g3 hxg3+ 42. Kxg3 Ra4 43. Nd5+ Kg7 44. Ne7 Kf8 45. Nf5 Ra5 46. Nd6 Ke7
47. Nf5+ Kd8 48. Rb4 Ra6 49. Nd6 Kc7 50. Nxf7 Nf6 51. h4 Ra8 52. e5 Nd5 53. Rb5
Rg8+ 54. Ng5 1-0

[Event "Championnat du Gard poule 3"]
[Site "?"]
[Date "2012.05.19"]
[Round "?"]
[White "Dehaine, Guy"]
[Black "Flouret, Jean-François"]
[Result "0-1"]
[WhiteElo "1648"]
[BlackElo "1578"]
[PlyCount "104"]
[EventDate "2012.05.17"]
[SourceDate "2012.05.19"]

1. c4 c5 2. Nf3 Nc6 3. b3 e6 4. Bb2 Nf6 5. e3 Be7 6. Nc3 d5 7. Qc2 Nb4 8. Qb1
O-O 9. d4 b6 10. Ne5 Bb7 11. f3 a6 12. Be2 Nd7 13. Ng4 f5 14. Nf2 Bf6 15. a3
cxd4 16. exd4 Nc6 17. cxd5 Nxd4 18. dxe6 Nc5 19. O-O Ncxe6 20. Rd1 Qe7 21. Bc4
Kh8 22. Nd5 Bxd5 23. Bxd5 Ne2+ 24. Kh1 Rad8 25. Bxf6 Qxf6 26. Bxe6 Rxd1+ 27.
Qxd1 Qxe6 28. Qd3 Re8 29. Rd1 Nd4 30. g3 Nxb3 31. Qxa6 Qe3 32. Kg2 g6 33. Qd3
Qe6 34. Qc3+ Kg8 35. Qd3 Ra8 36. Nh3 Nc5 37. Qd6 Qe2+ 38. Nf2 Rxa3 39. Qd8+ Kf7
40. Qd5+ Qe6 41. Qxe6+ Kxe6 42. Rb1 Rb3 43. Ra1 Rb2 44. Rd1 b5 45. h3 b4 46.
Rc1 Kd6 47. Rxc5 Rxf2+ 48. Kxf2 Kxc5 49. Ke2 Kc4 50. Kd2 Kb3 51. Kc1 Ka2 52. g4
fxg4 0-1

[Event "Championnat du Gard poule 3"]
[Site "?"]
[Date "2012.05.19"]
[Round "5"]
[White "Dlimi, Adil"]
[Black "Scanzi, Corentin"]
[Result "0-1"]
[WhiteElo "1644"]
[BlackElo "1680"]
[PlyCount "84"]
[EventDate "2012.05.17"]
[SourceDate "2012.05.19"]

1. e4 c6 2. c4 e6 3. d4 d5 4. e5 Bb4+ 5. Nc3 Ne7 6. a3 Ba5 7. b4 Bc7 8. Bg5 Qd7
9. Nf3 Ng6 10. a4 O-O 11. Rb1 h6 12. h4 f6 13. exf6 hxg5 14. hxg5 Qf7 15. Bd3
gxf6 16. gxf6 Bf4 17. Ne5 Bxe5 18. dxe5 Nxe5 19. Bh7+ Qxh7 20. Rxh7 Kxh7 21.
Qh5+ Kg8 22. Qg5+ Kf7 23. Qxe5 Rg8 24. g3 Nd7 25. Qh5+ Kxf6 26. b5 Nc5 27. Qh6+
Kf7 28. Qf4+ Kg6 29. Qg4+ Kf7 30. Qd4 Nd7 31. bxc6 bxc6 32. cxd5 exd5 33. Ne2
Re8 34. Kd2 Nb6 35. Nf4 Nc4+ 36. Kc3 Re4 37. Qh8 d4+ 38. Kd3 Nd6 39. Qh7+ Ke8
40. Qg8+ Kd7 41. Rh1 Ba6+ 42. Kd2 Rxg8 0-1

[Event "Championnat du Gard poule 3"]
[Site "?"]
[Date "2012.05.19"]
[Round "5"]
[White "Nicolas, Gabrielle"]
[Black "Colléo, Guy"]
[Result "0-1"]
[WhiteElo "1614"]
[BlackElo "1689"]
[PlyCount "62"]
[EventDate "2012.05.17"]
[SourceDate "2012.05.19"]

1. d4 Nf6 2. c4 e5 3. e3 e4 4. Nc3 Bb4 5. Nge2 O-O 6. a3 Bxc3+ 7. Nxc3 d6 8.
Be2 c6 9. O-O d5 10. b4 a6 11. a4 Be6 12. Qb3 Nbd7 13. a5 Re8 14. Na4 Rb8 15.
Nc5 Bf5 16. Rd1 Nf8 17. Bd2 Qc8 18. cxd5 Nxd5 19. Bc4 Qd8 20. Rac1 Ng6 21. Na4
Nh4 22. Bf1 Qg5 23. Kh1 Bg4 24. Nc3 Bxd1 25. Rxd1 Rbd8 26. Ne2 Re6 27. Ng3 Kh8
28. Be2 f5 29. Rg1 Rh6 30. Qb2 Ng6 31. Be1 Rxh2+ 0-1

[Event "Championnat du Gard poule 3"]
[Site "?"]
[Date "2012.05.19"]
[Round "5"]
[White "Vedel, Wilhem"]
[Black "Perraut, Arnaud"]
[Result "1-0"]
[WhiteElo "1740"]
[BlackElo "1646"]
[PlyCount "47"]
[EventDate "2012.05.17"]
[SourceDate "2012.05.19"]

1. e4 e5 2. Nf3 Nf6 3. Nc3 Bb4 4. d3 d6 5. a3 Ba5 6. Be2 Be6 7. O-O O-O 8. b4
Bb6 9. Bb2 c6 10. d4 exd4 11. Nxd4 Nbd7 12. Nxe6 fxe6 13. Qxd6 Qe8 14. Bc4 Kh8
15. Qxe6 Qg6 16. Be2 Rae8 17. Qh3 Re7 18. Rae1 Nxe4 19. Nxe4 Rxe4 20. Qxd7 Qh6
21. Bf3 Bxf2+ 22. Kxf2 Rxf3+ 23. Kg1 Rxe1 24. Qd8+ 1-0

[Event "Championnat du Gard poule 3"]
[Site "?"]
[Date "2012.05.19"]
[Round "6"]
[White "Perraut, Arnaud"]
[Black "Dehaine , Guy"]
[Result "0-1"]
[WhiteElo "1648"]
[BlackElo "1646"]
[PlyCount "102"]
[EventDate "2012.05.17"]
[SourceDate "2012.05.19"]

1. g4 d5 2. Bg2 Bxg4 3. c4 Nf6 4. cxd5 Nxd5 5. Qb3 Be6 6. Qxb7 Nb6 7. Nc3 c6 8.
Bxc6+ Nxc6 9. Qxc6+ Bd7 10. Qf3 e6 11. Nh3 Rc8 12. Rg1 Bc6 13. e4 Nc4 14. b3
Ne5 15. Qe3 Nd3+ 16. Kd1 Bc5 17. Qg3 g6 18. Ke2 Nb4 19. a3 Nc2 20. Rb1 Bb7 21.
d3 Bd6 22. e5 Nd4+ 23. Kd1 Be7 24. Ne2 Nf3 25. Nef4 Rc3 26. Bd2 Rc8 27. Ke2 Rc2
28. Rgd1 Bxa3 29. Ng1 Nxg1+ 30. Rxg1 Bb4 31. Rgd1 Qa5 32. Qe3 Bxd2 33. Rxd2
Rxd2+ 34. Qxd2 Qxe5+ 35. Kf1 O-O 36. Qb4 Qb8 37. Qd4 Rd8 38. Qf6 Re8 39. h4 e5
40. Nh3 Qd8 41. Qg5 Qxd3+ 42. Ke1 Qxb1+ 43. Ke2 Qe4+ 44. Kd1 Qf3+ 45. Kd2 Qxh3
46. Qf6 Qd7+ 47. Ke2 Qe6 48. Qg5 Qxb3 49. Kd2 Qd5+ 50. Ke1 e4 51. Qf6 Qe5 0-1

[Event "Championnat du Gard poule 3"]
[Site "?"]
[Date "2012.05.19"]
[Round "6"]
[White "Scanzi, Corentin"]
[Black "Flouret, Jean-François"]
[Result "1-0"]
[WhiteElo "1644"]
[BlackElo "1578"]
[PlyCount "65"]
[EventDate "2012.05.17"]
[SourceDate "2012.05.19"]

1. d4 Nf6 2. c4 e6 3. Nc3 d5 4. Nf3 c5 5. Bg5 h6 6. Bh4 Nc6 7. e3 g5 8. Bg3 Qa5
9. Bd3 dxc4 10. Bxc4 Ne4 11. Qd3 Nxg3 12. fxg3 Bd7 13. O-O O-O-O 14. a3 f5 15.
dxc5 Qxc5 16. b4 Qe7 17. Rfc1 Bg7 18. Ra2 Kb8 19. Qe2 Rc8 20. Na4 e5 21. Nc5
Rhd8 22. Bd5 Be8 23. Be6 Bf7 24. Bxc8 Bxa2 25. Bxb7 Nxb4 26. axb4 Rd6 27. Qxa2
e4 28. Ne1 f4 29. Bxe4 fxe3 30. Na6+ Rxa6 31. Qxa6 Qd7 32. Qc6 Qxc6 33. Rxc6
1-0

[Event "Championnat du Gard poule 3"]
[Site "?"]
[Date "2012.05.19"]
[Round "6"]
[White "Dlimi, Adil"]
[Black "Nicolas, Gabrielle"]
[Result "1-0"]
[WhiteElo "1680"]
[BlackElo "1614"]
[PlyCount "87"]
[EventDate "2012.05.17"]
[SourceDate "2012.05.19"]

1. e4 d5 2. exd5 Nf6 3. d4 Bg4 4. Nf3 Qxd5 5. Be2 e6 6. c4 Qa5+ 7. Bd2 Bb4 8.
Nc3 c6 9. Qc2 Nbd7 10. a3 Bxc3 11. Bxc3 Qc7 12. h3 Bf5 13. Bd3 Bxd3 14. Qxd3
Rd8 15. Qe3 O-O 16. O-O Rfe8 17. Qg5 Ne4 18. Qh4 Nxc3 19. bxc3 h6 20. Rfe1 Qa5
21. Re3 Rc8 22. c5 Qd8 23. Qg3 Qe7 24. Rae1 Ra8 25. Nh2 b6 26. Ng4 Kh8 27. Qc7
Nb8 28. Qf4 bxc5 29. Nxh6 Rf8 30. dxc5 Nd7 31. Rf3 Nf6 32. Nf5 Qxc5 33. Nxg7
Nh7 34. Re5 Qd6 35. Nh5 Rab8 36. Nf6 Rb1+ 37. Kh2 Rb5 38. Qh6 Qxe5+ 39. g3 Qxf6
40. Rxf6 Rg5 41. Qh4 Rg7 42. Rh6 Kg8 43. Kg2 Ng5 44. Rh8# 1-0

[Event "Championnat du Gard poule 3"]
[Site "?"]
[Date "2012.05.19"]
[Round "6"]
[White "Colléo, Yves"]
[Black "Vedel, Wilhem"]
[Result "0-1"]
[WhiteElo "1689"]
[BlackElo "1740"]
[PlyCount "109"]
[EventDate "2012.05.17"]
[SourceDate "2012.05.19"]

1. e4 c5 2. Nf3 d6 3. d4 cxd4 4. Nxd4 Nf6 5. Nc3 g6 6. Be2 Bg7 7. Be3 Nc6 8. h3
O-O 9. Qd2 Bd7 10. O-O Nxd4 11. Bxd4 Bc6 12. Bf3 Qd7 13. Nd5 Bxd5 14. exd5 Qc7
15. c3 Nd7 16. Bxg7 Kxg7 17. Rad1 Ne5 18. Be2 Qb6 19. Kh2 Rac8 20. Qd4 Qxb2 21.
f4 Qxe2 22. Rf2 Qc4 23. fxe5 Qxc3 24. Qxc3 Rxc3 25. exd6 exd6 26. Re2 Rfc8 27.
Rdd2 b5 28. Re7 R3c7 29. Ree2 Kf8 30. Kg3 Re8 31. Rxe8+ Kxe8 32. Kf4 a5 33. Kg5
b4 34. g4 Rc3 35. h4 Rc4 36. h5 a4 37. hxg6 hxg6 38. Rh2 Rd4 39. Kf6 Rxg4 40.
Rh8+ Kd7 41. Kxf7 Rg2 42. Rb8 Rxa2 43. Rb7+ Kc8 44. Rxb4 a3 45. Ke6 Ra1 46.
Rc4+ Kb7 47. Kxd6 a2 48. Ra4 g5 49. Rb4+ Ka6 50. Ra4+ Kb5 51. Ra8 g4 52. Kd7 g3
53. Rb8+ Ka4 54. d6 g2 55. Ke8 0-1

[Event "Championnat du Gard poule 3"]
[Site "?"]
[Date "2012.05.20"]
[Round "7"]
[White "Dehaine, Guy"]
[Black "Colléo, Yves"]
[Result "1-0"]
[WhiteElo "1648"]
[BlackElo "1687"]
[PlyCount "152"]
[EventDate "2012.05.17"]
[SourceDate "2012.05.19"]

1. c4 e5 2. Nc3 Nc6 3. g3 d6 4. Bg2 Be6 5. b3 h6 6. Qc2 Qd7 7. h3 Nf6 8. Nf3 d5
9. d3 Rd8 10. Bb2 Nd4 11. Nxd4 exd4 12. Nb5 Bb4+ 13. Kf1 c5 14. Nxa7 O-O 15.
Nb5 Bf5 16. Qc1 Rfe8 17. g4 Bg6 18. Qf4 Ba5 19. Bc1 Bxd3 20. Bf3 Be4 21. Kg2
Bxf3+ 22. Qxf3 Qe6 23. g5 hxg5 24. Bxg5 Qxe2 25. Rhg1 Qxf3+ 26. Kxf3 Re6 27. a3
Rde8 28. b4 Bb6 29. bxc5 Ba5 30. Nd6 R8e7 31. cxd5 Nxd5 32. Bxe7 Nxe7 33. Nxb7
Bc3 34. Rad1 Ng6 35. Nd6 Ne5+ 36. Ke4 Nc4+ 37. Kd5 Nxa3 38. Rd3 Nc2 39. Rdg3 g6
40. h4 Kf8 41. h5 Nb4+ 42. Kc4 Nc6 43. hxg6 Ne5+ 44. Kd5 Nxg6 45. Kc6 Ne5+ 46.
Kb7 Ke7 47. Nb5 Bb2 48. Na7 Kd7 49. Nb5 Nc4 50. Na7 Na5+ 51. Kb8 Re8+ 52. Nc8
Rxc8+ 53. Ka7 Nc6+ 54. Ka6 Ra8+ 55. Kb5 Rb8+ 56. Kc4 Rb4+ 57. Kd5 Ne7+ 58. Ke4
Rc4 59. Rd3 f5+ 60. Ke5 Rxc5+ 61. Kf6 Rc6+ 62. Kf7 Nd5 63. Rb1 Bc3 64. Rh3 Rf6+
65. Kg8 Ne7+ 66. Kg7 Rg6+ 67. Kf7 Rc6 68. Rb7+ Rc7 69. Rxc7+ Kxc7 70. Kxe7 Kc6
71. Ke6 f4 72. Kf5 Kd5 73. Kxf4 Kc4 74. Ke4 Be1 75. f4 Bb4 76. f5 Bf8 1-0

[Event "Championnat du Gard poule 3"]
[Site "?"]
[Date "2012.05.20"]
[Round "7"]
[White "Nicolas, Gabrielle"]
[Black "Scanzi, Corentin"]
[Result "1/2-1/2"]
[WhiteElo "1614"]
[BlackElo "1644"]
[PlyCount "56"]
[EventDate "2012.05.17"]
[SourceDate "2012.05.19"]

1. d4 d5 2. c4 c6 3. Nc3 Nf6 4. Nf3 e6 5. e3 Bd6 6. Bd3 O-O 7. O-O Nbd7 8. e4
dxe4 9. Nxe4 Nxe4 10. Bxe4 e5 11. dxe5 Nxe5 12. Nxe5 Bxe5 13. Qh5 f5 14. Bc2 g6
15. Qf3 Qh4 16. h3 Re8 17. Rb1 Bd4 18. Bd2 Bd7 19. Qb3 b6 20. Qf3 Qf6 21. b4
Re7 22. Rfe1 Rae8 23. Bb3 Kg7 24. a3 a6 25. a4 Re4 26. Bc2 R4e7 27. Bb3 Re4 28.
Bc2 R4e7 1/2-1/2

[Event "Championnat du Gard poule 3"]
[Site "?"]
[Date "2012.05.20"]
[Round "7"]
[White "Vedel, Wilhem"]
[Black "Dlimi, Adil"]
[Result "1/2-1/2"]
[WhiteElo "1740"]
[BlackElo "1680"]
[PlyCount "76"]
[EventDate "2012.05.17"]
[SourceDate "2012.05.19"]

1. d4 e6 2. e4 d5 3. exd5 exd5 4. c4 Nf6 5. Nc3 c6 6. Be3 Bb4 7. a3 Ba5 8. b4
Bc7 9. c5 Bf5 10. Be2 O-O 11. Nf3 Bg4 12. O-O Nbd7 13. b5 Ba5 14. Rc1 Bxc3 15.
Rxc3 Ne4 16. Rb3 Qa5 17. bxc6 bxc6 18. Qd3 Rab8 19. Rfb1 Rxb3 20. Qxb3 Nc3 21.
Rb2 Nxe2+ 22. Rxe2 Rb8 23. Qd3 Nf6 24. Bf4 Rb5 25. Re7 h6 26. h3 Bh5 27. Rc7
Ne4 28. Rxc6 Bxf3 29. gxf3 Qe1+ 30. Qf1 Qc3 31. Qxb5 Qxf3 32. Be3 Qxh3 33. Qb8+
Kh7 34. Qf4 Nc3 35. Rxh6+ gxh6 36. Qxf7+ Kh8 37. Qf8+ Kh7 38. Qf7+ Kh8 1/2-1/2